000 00523nam a22001697a 4500
005 20251108172325.0
008 250721s2000 xx 000 0 ara d
082 1 4 _a811.9567/فخر
100 1 _aفخري، عبد الرحمن
245 1 0 _aمن الأغاني ما أحزن الأصفهاني /
264 1 _aبيروت :
_bالمؤسسة العربية للدراسات و النشر،
_c2000.
300 _a93ص
650 1 7 _aالشعر العربي
650 1 7 _aاليمن
942 _2ddc
_cBK
999 _c76221
_d76221